000 01184na a2200325 4500
999 _c10876
_d10876
001 24532
003 MIRAKIL
005 20200616162238.0
008 181127b tu 000 0
040 _aMilas
_btur
_cTR-AnCHP
041 _atur
082 _aCHP 352
_bC36y 2018
090 _aBROŞÜR 525
110 _aCumhuriyet Halk Partisi (CHP)
245 _aYerel yönetim anlayışı
_bHalkçı belediyecilik
_cCHP Halkla İlişkiler
246 _aHalkçı belediyecilik
260 _aAnkara
_bCHP
_c2018
300 _aktl. broşür
_brnkl. fotğ.
_c20 sm.
440 _aCumhuriyet Halk Partisi yayınları
_pbroşürler
610 _aCumhuriyet Halk Partisi (CHP)
_xYerel yönetimler
610 _aCumhuriyet Halk Partisi (CHP)
_xBelediye hizmetleri
610 _aCumhuriyet Halk Partisi (CHP)
_xyerel yönetim politikaları
650 _aSiyaset ve yönetim
_xTürkiye
_yYerel yönetimler
650 _aYerel yönetimler
_xAKP
_xEleştiriler ve yorumlar
830 _aCHP yayınları
942 _2ddc
_cBKS
999 _d10876